000 00968nam a22002417a 4500
005 20260224132400.0
008 101126t mx ||||| |||| 00| 0 spa d
020 _a9686135995
050 0 4 _aHD58.8
_bB43 1988
100 1 _aBeckhard, Richard
_d1918-
240 1 _aOrganizational transitions, managing complex change
_lEspañol
245 1 0 _aTransiciones organizacionales
_b : administración del cambio
_c / Richard Beckhard, Reuben T. Harris ; versión en español Bertha D.L. de Valverde ; con la colaboración de: Ernesto Olascoaga Villanueva.
250 _a2a ed.
260 _aMéxico:
_bSistemas Técnicos de Edición,
_c1988
300 _ax, 123 p. :
_bil. ;
_c21 cm.
490 0 _aDesarrollo organizacional
500 _aIncluye índice
650 7 _2lemb
_aCambio organizacional
700 1 _aHarris, Reuben T.
_eautor
700 1 _aValverde, Bertha D. L. de
_etraductora
700 1 _aOlascoaga Villanueva, Ernesto
_ecolaborador
942 _2lcc
_cLIB
999 _c4493
_d4493